2018ワールドカップベスト16で敗れた国 - Statistics

General Stats
  • This quiz has been taken 63 times
  • The average score is 6 of 8
Answer Stats
答え % Correct
日本国
100%
アルゼンチン共和国
74%
スペイン王国
72%
ポルトガル共和国
70%
メキシコ合衆国
69%
コロンビア共和国
69%
スイス連邦
52%
デンマーク
48%
No matching quizzes found
Score Distribution
Percent of People with Each Score
Percentile by Number Answered
Your Score History
You have not taken this quiz